000
nam a22 7a 4500
999
_c
356124
_d
356124
003
NUST
005
20180124104300.0
008
180124b xxu||||| |||| 00| 0 eng d
040
_c
0
082
_a
628 MIN
245
_a
WE30200 PH meter
260
_b
Wagtech International
_c
2012
300
_a
41p.
500
_a
photocopy
942
_2
ddc
_c
BK
_k
IESE